000 00879cab a2200253 4500
001 ABS47745
008 090401t1993 xxu||||| |||| 00| 0 eng d
035 _a(Sirsi) u63311
041 _aeng
100 _aGallimore, P.
245 _aNVQs and professional preparation
260 _c1993
350 _a0
490 _aCS Monthly : General Practice
_v2(4) January 1993, 6-8(2)
520 _aArgues that NVQs emphasize the outcome of any education or training as opposed to the method used to acheive the outcome. Discusses the implications for higher education.
650 _aEDUCATION AND TRAINING
650 _aCAREERS, EDUCATION AND TRAINING
650 _aNATIONAL VOCATIONAL QUALIFICATIONS
650 _aSURVEYING
650 _aVOCATIONAL QUALIFICATIONS
690 _aMANAGEMENT-BUSINESS MANAGEMENT-PROFESSIONAL PRACTICE
942 _n0
948 _c04/03/1997
999 _c39367
_d39367